000 00678nam a2200253 i 4500
001 C2-0259171
003 PPAK
005 20180727225556.0
008 041007s2003 enka|||| ||||| | eng d
020 _a1904010539
040 _aPPAK
_beng
_cPPAK
_erda
082 0 4 _a641.8653
_223
090 0 0 _a641.8653
_bDUF
_dR
100 1 _aDuff, Julie,
_eauthor
245 1 0 _aCakes :
_bregional & traditional
264 1 _aLondon :
_bGrub Street ,
_c2003
300 _a288 pages :
_bcolour illustrations ;
_c26 cm
336 _2rdacontent
_atext
337 _2rdamedia
_aunmediated
338 _2rdacarrier
_avolume
500 _aIncludes index
650 1 0 _aCake
942 _ddc
_cB
999 _c70595
_d70595